| 000 | 00963nas a2200313 4500 | ||
|---|---|---|---|
| 001 | BR0601696 | ||
| 003 | BR-BrBNA | ||
| 005 | 20231205105946.0 | ||
| 007 | ta | ||
| 008 | 230509b bl.|||p| |||| 00| 00por d | ||
| 040 |
_aBR-BrBNA _bpor _cBiblioteca Nacional de Agricultura |
||
| 041 | _a(Pt) | ||
| 072 | _aF02 | ||
| 100 | 1 | _aAbreu, N.A.A. de | |
| 100 | 1 | _aMendonça, V. | |
| 100 | 1 | _aFerreira, B.G. | |
| 100 | 1 | _aTeixeira, G.A. | |
| 100 | 1 | _aSouza, H.A. de | |
| 100 | 1 | _aRamos, J.D. | |
| 245 | 1 | _aCrescimento de mudas de pitangueira (Eugenia uniflora L.)em substratos com utilização de superfosfato simples | |
| 650 | _aPITANGA | ||
| 650 | _aMUDA | ||
| 650 | _aPROPAGAÇÃO VEGETATIVA | ||
| 650 | _aCOMPOSTO ORGÂNICO | ||
| 650 | _aSUPERFOSFATO SIMPLES | ||
| 773 | 0 |
_tCiência e Agrotecnologia (Brazil) _xISSN 1413-7054 _g(Nov-Dec 2005), v. 29(6) p. 1117-1124 _wBR0601696 |
|
| 909 |
_a202311 _bLúcia _c55 _dLúcia Elande |
||
| 942 |
_2AGRIS _n0 _cANA |
||
| 999 |
_c185551 _d185551 |
||